[Event "DEM U12/U12w 2007"]
[Site "Willingen GER"]
[Date "2007.05.27"]
[Round "1"]
[White "Eimer, Christina"]
[Black "Günthner, Arthur"]
[Result "1/2-1/2"]
[Termination "normal"]
[Board "48"]
[WhiteElo "928"]
[BlackElo "1698"]
[PlyCount "83"]
[WhiteFideId "24655767"]
[EventCountry "GER"]
[EventRounds "11"]
[EventType "swiss"]
[EventDate "2007.05.26"]

1. e4 d6 2. d4 Nf6 3. Nc3 e5 4. dxe5 dxe5 5. Bd2 Bc5 6. Nf3 Ng4 7. Be3 Bxe3 8.
fxe3 Nxe3 9. Qe2 Ng4 10. h3 Nf6 11. Nxe5 O-O 12. Qe3 Re8 13. Nf3 Nc6 14. Bc4
Nb4 15. Rc1 Be6 16. Bxe6 Rxe6 17. O-O Nbd5 18. Nxd5 Nxd5 19. Qd4 Nf4 20. Rfe1
Qe7 21. Rcd1 Re8 22. Qxa7 Rxe4 23. Qxb7 Qc5+ 24. Kh2 Qxc2 25. Nh4 f5 26. Rxe4
fxe4 27. Rd7 Qf2 28. Qxc7 Qxh4 29. Rxg7+ Kh8 30. Qf7 Qh5 31. Qb7 Nxh3 32. gxh3
Qe5+ 33. Rg3 Rg8 34. Qb3 e3 35. Qxe3 Qxb2+ 36. Kh1 Qb7+ 37. Qf3 Qb1+ 38. Kh2
Qxa2+ 39. Rg2 Qxg2+ 40. Qxg2 Rxg2+ 41. Kxg2 Kg7 42. Kg3 1/2-1/2